Rozvoj elektrizačnej sústavy z hľadiska racionalizácie spotreby elektrickej energie : Diplomová práca /

Salvato in:
Dettagli Bibliografici
Autore principale: Fadiga, Mohamed Lamine (Autore)
Altri autori: Šimunek, Peter (Relatore della tesi)
Natura: Manoscritto Libro
Pubblicazione: Bratislava : STU v Bratislave FEI, 1997
Soggetti:
Tags: Aggiungi Tag
Nessun Tag, puoi essere il primo ad aggiungerne!!

MARC

LEADER 00000ntm a22000003a 4500
001 stu9936
005 20160719164953.0
008 970627s1997----------------------------d
040 |a STU  |b slo 
041 0
100 1 |a Fadiga, Mohamed Lamine  |4 aut 
245 1 |a Rozvoj elektrizačnej sústavy z hľadiska racionalizácie spotreby elektrickej energie :  |b Diplomová práca /  |c [aut.] Fadiga,Mohamed Lamine; Škol. řimunek,Peter 
260 |a Bratislava :  |b STU v Bratislave FEI,  |c 1997 
300 |a 80 s 
650 7 |a Elektroenergetické a silnoprúdové inžinierstvo  |2 stusub 
700 1 |a Šimunek, Peter  |4 ths  |u E130  |U FEI Fakulta elektrotechniky a informatiky  |T FEI Katedra elektroenergetiky  |U E130  |Y 59